| LEADER | 00772nam a2200169 4500 | ||
|---|---|---|---|
| 082 | |a 512.0076 |b TR120Đ | ||
| 100 | |a Trần Đức Huyên | ||
| 245 | |a Tuyển tập chuyên đề khảo sát hàm số 12 - luyện thi ĐH |c Trần Đức Huyên | ||
| 250 | |a Tái bản lần thứ 7 | ||
| 260 | |a Tp HCM: |b Nxb Trẻ, |c 1999.- | ||
| 300 | |a 484 tr.; |c 21 cm. | ||
| 520 | |a v.v... | ||
| 653 | |a Toán học | ||
| 942 | |2 ddc |c STK0 | ||
| 999 | |c 6938 |d 6938 | ||
| 952 | |0 0 |1 0 |2 ddc |4 0 |6 512_007600000000000_TR120Đ |7 0 |8 500 |9 64632 |a qbu |b qbu |c D3 |d 2015-01-26 |g 30000 |o 512.0076 TR120Đ |p 6840.c1 |r 0000-00-00 |w 2015-01-26 |y STK0 | ||
| 952 | |0 0 |1 0 |2 ddc |4 0 |6 512_007600000000000_TR120Đ |7 0 |8 500 |9 64633 |a qbu |b qbu |c D3 |d 2015-01-26 |g 30000 |l 1 |m 1 |o 512.0076 TR120Đ |p 6840.c2 |r 2018-10-11 |s 2018-09-18 |w 2015-01-26 |y STK0 | ||